| 000 | 00752nam a2200241Ia 4500 | ||
|---|---|---|---|
| 003 | GCL | ||
| 008 | 140319s9999 xx 000 0 eng d | ||
| 040 |
_aGCL / _cGCL |
||
| 082 | 0 | 4 |
_a355.00944 _bB H |
| 100 | 1 | _aCHAGNIOT, JEAN | |
| 245 | 1 | 0 |
_aHISTOIRE MILITAIRE DE LA FRANCE: SOUS LA DIRECTION D'ANDRE CARVISIER / _cCHAGNIOT, JEAN |
| 700 | 1 | _aMEYER, JEAN | |
| 700 | 1 | _aBLANCHARD, ANNE | |
| 700 | 1 | _aMOLLAT, MICHEL | |
| 700 | 1 | _aBODINIER, GILBERT | |
| 260 |
_a[S.N] : _bPRESSES UNIVERSITAIRES DE FRANCE ، _c1992 |
||
| 650 | 0 | 4 | _aMILITARY HISTORY - 18 TH CENTURY |
| 650 | 0 | 4 | _aMILITARY HISTORY - 19 TH CENTURY |
| 650 | 0 | 4 | _aMILITARY HISTORY - 20 TH CENTURY |
| 650 | 0 | 4 | _aMILITARISM - FRANCE |
| 650 | 0 | 4 | _aMILITARY SCIENCE |
| 942 |
_2ddc _cBK |
||
| 999 |
_c14915 _d14915 |
||